Manual del redactor publicitario : ¿reglas, normas, técnicas? : ¡rómpelas! /
Obra en que se examina la figura del redactor publicitario y en qué consiste su trabajo, a la vez que estudia y analiza los elementos clave que deben ser utilizados para escribir anuncios exitosos. Entre las diversas facetas que se revisan del proceso de creación publicitaria se cuentan la venta, la...
Na minha lista:
| Autor principal: | |
|---|---|
| Formato: | Livro |
| Idioma: | espanhol |
| Publicado em: |
Madrid, España :
ESIC,
2005, c2005
|
| coleção: | (Divulgación ESIC)
|
| Assuntos: | |
| Tags: |
Sem tags, seja o primeiro a adicionar uma tag!
|
MARC
| LEADER | 00000nam^a2200000^a^4500 | ||
|---|---|---|---|
| 001 | 000189691 | ||
| 005 | 20250521000000.0 | ||
| 009 | 20260310102422.366 | ||
| 020 | |a 84-7356-431-6 | ||
| 037 | |a Acervo ITESO - Biblioteca | ||
| 041 | |a ESP | ||
| 082 | |a 808. 06666591 |b CAS | ||
| 100 | |a Castellblanque, Mariano R. |e (autor) | ||
| 245 | 1 | 0 | |a Manual del redactor publicitario : |b ¿reglas, normas, técnicas? : ¡rómpelas! / |c M.R. Castellblanque ; pról. de Luis Bassat. |
| 264 | 4 | |a Madrid, España : |b ESIC, |c 2005, c2005 | |
| 300 | |a 154 p. | ||
| 336 | |a texto |b txt |2 rdacontenido | ||
| 337 | |a sin mediación |b n |2 rdamedio | ||
| 338 | |a volumen |b nc |2 rdasoporte | ||
| 440 | 1 | |a (Divulgación ESIC) | |
| 520 | |a Obra en que se examina la figura del redactor publicitario y en qué consiste su trabajo, a la vez que estudia y analiza los elementos clave que deben ser utilizados para escribir anuncios exitosos. Entre las diversas facetas que se revisan del proceso de creación publicitaria se cuentan la venta, la persuasión, la comunicación, la creatividad y, finalmente, la escritura. | ||
| 649 | |a XX | ||
| 650 | |a Publicidad | ||
| 650 | |a Promoción del Producto | ||
| 650 | |a Promoción del Servicio | ||
| 650 | |a Mercadotecnia | ||
| 650 | |a Redacción - |x Tema Principal | ||
| 650 | |a Preceptiva Literaria | ||
| 650 | |a Comunicación Escrita | ||
| 650 | |a Comunicación Verbal | ||
| 910 | |a Fondo General | ||
| 920 | |a Impresos - Libros | ||
| 930 | |a Colección General | ||
| 940 | |a Literatura | ||
| 905 | |a 101 | ||
| 901 | |a 0500132638 |b IT1 |c LIT |u 20250521 | ||
| 902 | |a https://opac.biblio.iteso.mx/vufind/Record/000189691 | ||